000
00292nam a2200121Ia 4500
008
220204s9999 xx 000 0 und d
082
_a
301.151
_b
SHE
100
_a
Sherif, C W
245
0
_a
Social psychology
260
_a
New York
_b
Harper and Row
_c
1969
700
_a
Sherif, M
942
_c
BK
999
_c
29609
_d
29609